| 000 | 01126nac a22003371u 4500 | ||
|---|---|---|---|
| 999 |
_c29371 _d29342 |
||
| 003 | EG-ScBUE | ||
| 005 | 20210819110805.0 | ||
| 008 | 210819s2001 enka f 000 0 eng d | ||
| 020 | _a9780333923443 | ||
| 020 | _a0333923448 | ||
| 040 |
_aEG-ScBUE _beng _erda _cEG-ScBUE _dEG-ScBUE |
||
| 082 | 0 | 4 |
_a428.24071 _bGOM _222 |
| 100 | 1 |
_aGomm, Helena, _eauthor. _934683 |
|
| 245 | 1 | 0 |
_aInside out : _badvanced, _pTeacher`s book / _cHelena Gomm, Jon Hird. |
| 246 | 3 | 3 | _aTeacher`s book |
| 264 | 1 |
_aOxford : _bMacmillan Education, _c2001. |
|
| 300 |
_a144 pages : _billustrations ; _c25 cm |
||
| 336 |
_2rdacontent _atext _btxt |
||
| 337 |
_2rdamedia _aunmediated _bn |
||
| 338 |
_2rdacarrier _avolume _bnc |
||
| 500 | _aDistributer: Al-Ahram. | ||
| 650 | 7 |
_aEnglish language _xStudy and teaching. _2BUEsh |
|
| 650 | 7 |
_aEnglish language _vTextbooks for foreign speakers. _2BUEsh |
|
| 650 |
_aTextbooks for foreign speakers. _2BUEsh |
||
| 651 | _2BUEsh | ||
| 653 |
_bHHUUEENN _cAugust2021 |
||
| 655 |
_vReading book _934232 |
||
| 700 | 1 |
_aHird, Jon, _eauthor. _934681 |
|
| 942 |
_cBB _k428GOM _2ddc |
||